000 01196nam2a22002411 4500
001 RU\NLR\INFOCOMM9\5000118546
005 20250617161115.0
035 _a(NLR Aleph) 002766165
090 _a2276673
_c2276673
100 _a20040210d2003 |||y0rusy50 ca
101 0 _arus
102 _aRU
105 _ay ||||000|y
200 0 _a2003, №2
210 _d2003
_aБ. м.
461 0 _1001RU\NLR\INFOCOMM6\1000390835
_12001#$aЭкономика, организация и управление производством в газовой промышленности$eНауч.-экон. сб.$fИнформ.-рекл. центр газовой пром-сти (ООО "ИРЦ Газпром")$v2003, №2
_92237328
_cМ.
_d1995 -
_fИнформ.-рекл. центр газовой пром-сти (ООО "ИРЦ Газпром")
_nИРЦ Газпром
_oНауч.-экон. сб.
_tЭкономика, организация и управление производством в газовой промышленности
_v2003, №2
801 1 _aRU
_bInfoComm
_c20051014
801 0 _aRU
_bNLR
_gPSBO
852 _aNLR
_jП22/6612
942 _cISSUE
980 _aNB
980 _aRUSPER